Cent i cent : centenari de l'Institut del Teatre 1913-2013 : centenari de la Mancomunitat de Catalunya 1914-2014 : Acte de cloenda : 31 de març de 2014, a les 19.30h : Teatre Lliure, Sala Fabià Puigserver Acte de cloenda : 31 de març de 2014, a les 19.30h : Teatre Lliure, Sala Fabià Puigserver
Descripción Física:
38 pàgs. ; il·lustracions en color ; 30 x 21 cm.
Materias:
Institut del Teatre (Barcelona, Catalunya) -- Centenaris, etc.
; Catalunya. -- Mancomunitat -- Centenaris, etc.
; Programes
Idioma:
Catalán
MARC
| LEADER | 00000nam a22000007a 4500 | ||
|---|---|---|---|
| 001 | 27063 | ||
| 003 | Arxiu | ||
| 005 | 20260324181145.0 | ||
| 008 | 221129b spa||||| |||| 00| 0 cat d | ||
| 017 | |a B 4747-2014 | ||
| 040 | |a agdb |b cat | ||
| 041 | |a cat | ||
| 245 | |a Cent i cent : centenari de l'Institut del Teatre 1913-2013 : centenari de la Mancomunitat de Catalunya 1914-2014 : |b Acte de cloenda : 31 de març de 2014, a les 19.30h : Teatre Lliure, Sala Fabià Puigserver | ||
| 260 | |a Barcelona : |b Institut del Teatre : |b Diputació de Barcelona ; |c 2014 | ||
| 300 | |a 38 pàgs. ; |b il·lustracions en color ; |c 30 x 21 cm. | ||
| 500 | |a Inclou el resum de les activitats dutes a terme per commemorar el centenari de l'Institut del Teatre. | ||
| 610 | 1 | 0 | |a Institut del Teatre (Barcelona, Catalunya) |x Centenaris, etc. |
| 610 | 2 | 0 | |a Catalunya. |b Mancomunitat |x Centenaris, etc. |
| 650 | 0 | |9 54799 |a Programes | |
| 710 | 1 | |9 52662 |a Institut del Teatre (Barcelona, Catalunya) | |
| 710 | 1 | |a Barcelona (Catalunya : Província). |b Diputació |9 52408 | |
| 942 | |2 udc |c ARXIU |n 1 | ||
| 952 | |0 0 |1 0 |2 udc |4 0 |6 FU7378 |7 1 |9 64444 |a Arxiu |b Arxiu |d 2022-11-29 |l 0 |o FU-73-78 |p 27063 |r 2022-11-29 00:00:00 |w 2022-11-29 |y ARXIU | ||
| 999 | |c 82791 |d 82791 | ||